000 01574nam a2200337 c 4500
003 BLK
005 20180422110925.0
008 180409b bul|||||r ||||||| ||bul||
010 _aKNG00129046000
040 _aBLK
041 _aBUL
_cBUL
080 _aАнглоканадска литература
_b821.111(71)
_x-31
_z821.111(71)-31
100 1 _aАтууд, Маргарет
_eпърви автор
_934782
700 1 _aШипковенска, Мариана
_eпрев. от англ.
_9376518
700 1 _aМаркова, Аглика Йосифова
_eс предг. от
_9377248
139 _aАтууд, Маргарет
_bА 93
245 1 0 _aЯсновидката
_bРоман
_cМаргарет Атууд; прев. от англ. Мариана Шипковенска; с предг. от Аглика Йосифова Маркова.
257 _aBGR
260 София
_bНар. култура
_c1982
300 _a504 с.
_c16 см
380 _aX
490 1 _aБиблиотека Панорама
_v150
490 1 _3Подсерия
_aСерия Проза
_v115
500 _aОриг. загл. Laby oracle. - Съдържа и Маргарет Атууд - живот в дати "Какви сме в същност" / Сергей Белов. - 40 125 тир.
600 1 4 _aАтууд, Маргарет
_934782
852 _aЦб І 19741
856 4 _qpdf
_u
856 4 _qpdf
_u
942 _cKNG
_n0
944 _aCR
_c20.03.2012
_l20.03.2012 - от С1,Р / 20.03.2012
_kСевдалина_Василева
944 _aED
_c20.03.2012
_l20.03.2012 - от С1,Р / 20.03.2012
_k
999 _c123386
_d123386